000 00442nam a22001457a 4500
008 170424b xxu||||| |||| 00| 0 eng d
020 _a9715502768
082 _21998
_aDFil 899.2111
_bM31
100 _920153
_aMamaril, David T.
245 _aTalulot ng umaga:
_bmga piling tula/
_cDavid T. Mamaril.
260 _aQuezon City:
_bADMU Press,
_cc1998.
300 _aix, 215 pages;
_c23 cm.
650 0 _920154
_aFilipino poetry.
942 _2ddc
_cDFIL
999 _c6656
_d6656